Prečo sa vaša ulica volá podľa lesov

Bibliographic Details
Format: Article
Language:Slovak
PhysicalDescription:Fotogr.
ISSN:1335-4566
Subjects:
Online Access:www.korzar.sk

MARC

LEADER 00000nab a2200000 a 4500
001 vtls009003767
003 SK-MaSNL
005 20260303065608.0
008 070628c20070516xo drz 0 0slo
038 |a KEVKJB 
040 |a KEVKJB  |b slo  |c KEVKJB  |e AACR2 
041 0 |a slo 
044 |a xo  |c SK 
080 |a 711.73  |2 2001 
245 0 0 |a Prečo sa vaša ulica volá podľa lesov  |c [autor] (pod) 
300 |b Fotogr. 
650 0 7 |a ulice  |x názvy  |z Košice (Slovensko)  |2 kevkjb  |9 1032707 
650 0 7 |a názvy ulíc  |2 kevkjb  |9 23567 
651 7 |a Košice (Slovensko)  |2 kevkjb  |9 18694 
773 0 |t Košický denník Korzár  |g Roč. X, č. 111 (16.5.2007), s. 2  |x 1335-4566 
852 |a KEVKJB  |b KIS3GCP 
856 4 1 |u www.korzar.sk 
999 |c 1751852  |d 1753782